000 00221nam a22000857a 4500
008 161202b xxu||||| |||| 00| 0 eng d
100 _91750
_aDass.H.k.etal
245 _aMathematics Term-II-X
260 _aNEW DELHI
_bS.CHAND
_c2011
999 _c4458
_d4458